Saws, portable, petrol driven 39 inch (Record no. 548696)
[ view plain ]
| 000 -LEADER | |
|---|---|
| fixed length control field | 00353cam a2200133 a 4500 |
| 082 00 - DEWEY DECIMAL CLASSIFICATION NUMBER | |
| Classification number | 674.2 |
| Author Mark | SAW |
| 100 ## - MAIN ENTRY--PERSONAL NAME | |
| Personal name | Army pak |
| 9 (RLIN) | 45097 |
| 245 00 - TITLE STATEMENT | |
| Title | Saws, portable, petrol driven 39 inch |
| Remainder of title | Pak army |
| 260 ## - PUBLICATION, DISTRIBUTION, ETC. | |
| Place of publication, distribution, etc. | Pakistan: |
| Date of publication, distribution, etc. | c1940. |
| 300 ## - PHYSICAL DESCRIPTION | |
| Extent | 24+ p. : |
| Other physical details | ill. ; |
| Dimensions | 24 cm. |
| 526 ## - STUDY PROGRAM INFORMATION NOTE | |
| Program name | 0 |
| Interest level | 0 |
| Reading level | 0 |
| Title point value | 674_200000000000000_SAW |
| 650 #0 - SUBJECT ADDED ENTRY--TOPICAL TERM | |
| Topical term or geographic name entry element | MCE |
| 9 (RLIN) | 379 |
| 942 ## - ADDED ENTRY ELEMENTS (KOHA) | |
| Source of classification or shelving scheme | |
| Koha item type | Book |
| Withdrawn status | Lost status | Source of classification or shelving scheme | Damaged status | Not for loan | Permanent Location | Current Location | Date acquired | Total Checkouts | Full call number | Barcode | Date last seen | Price effective from | Koha item type |
|---|---|---|---|---|---|---|---|---|---|---|---|---|---|
| Military College of Engineering (MCE) | Military College of Engineering (MCE) | 09/04/2014 | 674.2 SAW | MCE-41460 | 09/04/2014 | 09/04/2014 | Book |
